Statistics for Щатите в САЩ (без карта)

Click here to take the quiz!

General Stats

  • This quiz has been taken 22 times
  • The average score is 37 of 50

Answer Stats

State% Correct
Калифорния
100%
Тексас
94%
Аляска
88%
Северна Дакота
88%
Ню Мексико
88%
Айова
88%
Вашингтон
88%
Южна Дакота
88%
Флорида
88%
Хаваи
88%
Мисури
82%
Северна Каролина
82%
Пенсилвания
82%
Охайо
82%
Южна Каролина
82%
Ню Джърси
76%
Мисисипи
76%
Ню Йорк
76%
Орегон
76%
Алабама
76%
Луизиана
76%
Канзас
76%
Тенеси
76%
Западна Вирджиния
76%
Колорадо
76%
Вирджиния
76%
Аризона
76%
Кентъки
76%
Мичиган
71%
Минесота
71%
Юта
71%
Оклахома
71%
Невада
71%
Монтана
65%
Масачузетс
65%
Мейн
65%
Илинойс
65%
Кънектикът
65%
Арканзас
65%
Небраска
59%
Роуд Айлънд
59%
Индиана
59%
Айдахо
59%
Джорджия
59%
Вермонт
59%
Делауер
59%
Уайоминг
53%
Ню Хампшър
47%
Мериланд
47%
Уисконсин
47%

Score Distribution

Percentile by Number Answered

Percent of People with Each Score

Your Score History

You have not taken this quiz